000
00281nam a22001217a 4500
008
170511b xxu||||| |||| 00| 0 eng d
041
_a
eng
080
_2
6TH
_a
34
100
_a
15
101
_a
SHJ
245
_a
FEDERAL JURY PRACTICE AND INSTRUCTIONS
_c
LEE, A.G
942
_2
udc
_c
BK
999
_c
13072
_d
13072